| 000 | 00538cab a2200217 4500 | ||
|---|---|---|---|
| 001 | ABS60588 | ||
| 008 | 090401t1999 xxu||||| |||| 00| 0 eng d | ||
| 035 | _a(Sirsi) u93144 | ||
| 041 | _aeng | ||
| 245 | _aShah v Kubbinga (VO) | ||
| 260 | _c1999 | ||
| 350 | _a0 | ||
| 490 |
_aRating & Valuation Reporter _v[1999] 39 RVR 3, 50-52(3) |
||
| 650 | _aDERELICTION | ||
| 650 | _aRATEABLE VALUE | ||
| 650 | _aRETAIL RENTS | ||
| 650 | _aSHAH V KUBBINGA | ||
| 690 | _aRATING AND VALUATION-CASE LAW | ||
| 942 | _n0 | ||
| 948 | _c05/05/1999 | ||
| 999 |
_c59029 _d59029 |
||